| 000 | 02396nam a22003137a 4500 | ||
|---|---|---|---|
| 003 | OSt | ||
| 005 | 20230628002502.0 | ||
| 008 | 230628b |||||||| |||| 00| 0 eng d | ||
| 020 | _a978-9917-0-1095-1 | ||
| 040 |
_aBiblioteca de odontología _cBiblioteca de odontología _eRDA |
||
| 041 |
_aspa _hspa |
||
| 082 |
_221 _a617.67 |
||
| 092 |
_a617.67 _SG9375m |
||
| 100 |
_aGuerrero Ajata, Cristian _eAutor _9667 |
||
| 245 | _aMetodología de la investigación epidemiológica en odontología | ||
| 260 |
_aLa Paz – Bolivia; _bSoliciones Gráficas H. Alcon, _cSeptiembre 2021 |
||
| 300 |
_a202 paginas ; _bTapa blanda, ilustración y tabla ; _c20.05 x 16 centímetros |
||
| 336 |
_2rdacontent _aTexto _btxt |
||
| 505 | 2 | _aCapitulo I. 1. Introducción a la investigación en ciencias de la salud. -2. Metodo científico y sus etapas. -3. Contexto ético de la investigación cuantitativo y cualitativo de la investigación. –Capitulo II. 5. Título, resumen e introducción de la investigación. -6. Planteamiento del problema. -7. Hipótesis de la investigación. –Capitulo III. 10. Diseño metodológico de investigación. -11. Diseño de muestreo. -12. Recolección de datos cuantitativos. -13. Evaluación y análisis de datos cuantitativos. | |
| 520 | 3 | _aSegún Mario Bunge, la ciencia es un mundo artificial, un creciente cuerpo de ideas construido por el ser humano. Se caracteriza como conocimiento racional, sistemático, factible, exacto y verificable). La ciencia es conocimiento científico (se considera como un sistema de ideas establecidas provisionalmente) e investigación científica que permite una reconstrucción conceptual del mundo (por parte del ser humano) que es amplia, profunda y exacta. Se considera como una actividad productora de nuevas ideas (2) La ciencia es una disciplina que utiliza el método científico, con la finalidad de hallar estructuras generales (principios y leyes) con capacidad predictiva y comprobable. La finalidad de la ciencia es el enriquecimiento del conocimiento objetivo de la humanidad. | |
| 521 | _aPara estudiantes, odontólogos | ||
| 650 | _2ODONTOLOGÍA | ||
| 653 | _aCÓDIGO DE NUREMBERG | ||
| 653 | _aMATERIALES Y METODOS | ||
| 653 | _aUTILIDAD METODOLÓGICA | ||
| 653 | _aDISEÑO METODOLÓGICO | ||
| 700 |
_aCoaquira Tiñini, Verónica Silvia _eCo Autor _9668 |
||
| 942 |
_2ddc _cBK _mcondori calle e. mauricio _n0 |
||
| 999 |
_c479 _d479 |
||